000 00262nam a22001097a 4500
100 _aAmarchitra katha
245 _aAdventures in reading: how dues your garden grew
250 _a2004
260 _bAmar chitre kaths pvt. Ltd.
300 _a26
942 _2ddc
_cBK
999 _c12833
_d12833